Statistics for Countries that beat Africa

Click here to take the quiz!

General Stats

  • This quiz has been taken 32 times
  • The average score is 13 of 15

Answer Stats

RankCategoryCountries% Correct
3Most populatedChina | India
100%
3Most megacitiesChina | India
96%
3First alphabeticallyAfghanistan | Albania
93%
4Longest border with SpainAndorra | France | Portugal
93%
3Largest freshwater lakeCanada | United States
93%
2Closest to MaltaItaly
93%
2Most land in the former Portuguese EmpireBrazil
89%
5Most populated islandIndonesia | Japan | Philippines | United Kingdom
89%
2Largest city on the Atlantic coastUnited States
89%
4Most populated city starting with "D"Bangladesh | India | United States
86%
5Tallest of the Seven SummitsArgentina | China | Nepal | United States
82%
3Lowest life expectancyAfghanistan | Haiti
79%
3Largest first-level subdivisionAustralia | Russia
79%
2Most populated first-level subdivisionIndia
79%
4Lowest elevationIsrael | Jordan | Syria
71%

Score Distribution

Percentile by Number Answered

Percent of People with Each Score

Your Score History

You have not taken this quiz